| 000 | 00987nam a2200301 i 4500 | ||
|---|---|---|---|
| 001 | 196356 | ||
| 003 | ES-MaACL | ||
| 005 | 20250813014537.0 | ||
| 007 | ta | ||
| 008 | 2409 s1971 fr |||||||||||00| ||fre | ||
| 035 | _a(ES-BaCBU).b64581706 | ||
| 035 | _ab16152104 | ||
| 035 | _a991020041249706706 | ||
| 040 |
_aES-BaBC _bcat _cES-BaBC _dES-MaACL |
||
| 080 | _a92(44)(Did)Gor | ||
| 100 |
_aGorny, Léon _9238766 |
||
| 245 | 1 | 0 |
_aDiderot : _bun grand européen / _cLeon Gorny. |
| 260 |
_aParis : _bEditions Bernard Grasset, _c[1971] |
||
| 300 |
_a406 p. ; _c21 cm |
||
| 600 | 1 | 4 |
_aDiderot, Denis, _d1713-1784 _944511 |
| 852 |
_aES-MaACL _cDEPO1 _hDonación: José Manuel Duarte Cendán _9204059 _jA-15400 |
||
| 903 |
_9238529 _aDuarte Cendán, José Manuel _q1 _ednr |
||
| 908 | _aBC | ||
| 942 |
_n0 _cMONOGRAFIA |
||
| 999 |
_c196356 _d196356 |
||